000 00607nam a22001937a 4500
003 0
005 20231106093731.0
008 231106b xxu||||| |||| 00| 0 eng d
020 _a978-621-406-089-4
050 _aPN 4121
_b.Z65 2021
100 _aZoleta, Maria Antonieta
245 _aOral communication for senior high school
_cMaria Antonieta G. Zoleta
260 _aManila
_bMindshapers Co., Inc.
_cc2021.
300 _avi, 162 pages ;
_c23 cm.
500 _aOral communication.
504 _aIncludes bibliographical references and index.
650 _aOral communication.
942 _2lcc
_cBK
999 _c365565
_d365565